Introduction to liquid state physics/ (Record no. 164583)

MARC details
000 -LEADER
fixed length control field 00691nam a2200217 4500
005 - DATE AND TIME OF LATEST TRANSACTION
control field 20190523112252.0
010 ## - LCCN (DPL NO)
LC control number B-220442
020 ## - INTERNATIONAL STANDARD BOOK NUMBER
International Standard Book Number 8177648543
035 ## - SYSTEM CONTROL NUMBER
System control number B-220442
037 ## - SOURCE OF ACQUISITION
Source of stock number/acquisition DBAD/PUB
082 ## - DEWEY DECIMAL CLASSIFICATION NUMBER
Classification number 530.42
100 ## - MAIN ENTRY--PERSONAL NAME
Personal name March,N.H.
245 ## - TITLE STATEMENT
Title Introduction to liquid state physics/
Statement of responsibility, etc N.H.March [and] M.P.Tosi
260 ## - PUBLICATION, DISTRIBUTION, ETC. (IMPRINT)
Place of publication, distribution, etc New delhi
Name of publisher, distributor, etc Allied publishers Pvt. Ltd.
Date of publication, distribution, etc 2002
270 ## - ADDRESS
Address 1/13-14 Asaf ali road ,
City New delhi
Postal code 110002
300 ## - PHYSICAL DESCRIPTION
Extent xvii,431p.
Other physical details ill.
Dimensions 24cms(hbk)
500 ## - GENERAL NOTE
General note It includes index
700 ## - ADDED ENTRY--PERSONAL NAME
Personal name Tosi,M.P.
942 ## - ADDED ENTRY ELEMENTS (KOHA)
Source of classification or shelving scheme Dewey Decimal Classification
Item type English Books
Classification part 530.42
Call number suffix MAR
Holdings
Withdrawn status Lost status Not for loan Collection code Home library Current library Date acquired Source of acquisition Full call number Barcode Copy number Koha item type
    Not For Loan Non-fiction Central Library Central Library 23/05/2019 DBAD/PUB 530.42 MAR B-220442 1 English Books

© Delhi Public Library
Hit Counter
free hit counter